| 000 | 00870cam a2200313 4500 | ||
|---|---|---|---|
| 001 | 1248958 | ||
| 003 | OSt | ||
| 005 | 20150917150005.0 | ||
| 008 | 691001s1969 enk b 001 0 eng | ||
| 010 | _a 72413054 | ||
| 015 | _aB69-13338 | ||
| 020 | _a0435835904 | ||
| 040 |
_aDLC _cDLC _dDLC |
||
| 043 | _afb----- | ||
| 050 | 0 | 0 |
_aBL2400 _b.M38 1969b |
| 082 | 0 | 0 | _a299/.6 |
| 100 | 1 | _aMbiti, John S. | |
| 245 | 1 | 0 |
_aAfrican religions & philosophy _c[by] John S. Mbiti. |
| 246 | 3 | _aAfrican religions and philosophy | |
| 260 |
_aLondon, _aIbadan [etc.] _bHeinemann, _c1969. |
||
| 300 |
_axiv, 290 p. _c23 cm. |
||
| 350 | _a45/- | ||
| 500 | _aMap on lining papers. | ||
| 504 | _aBibliograpy: p. 278-282. | ||
| 650 | 0 | _aPhilosophy, African. | |
| 651 | 0 |
_aAfrica, Sub-Saharan _xReligion. |
|
| 906 |
_a7 _bcbc _corignew _du _encip _f19 _gy-gencatlg |
||
| 942 |
_2lcc _cBK |
||
| 999 |
_c132 _d132 |
||